00745nam a2200229Ia 4500008004100000020001800041050001200059050001500071100002500086245007900111245006600190260001300256260003700269260000900306300001600315300002100331300001100352440004100363650004000404650004500444650002600489160319s9999 xx 000 0 und d a9789716300673 a398.352 bP295g 1997 aPaterno, Maria Elena 4aThe girl who turned into a fish and other classic Philippine water tales / cas told by Maria Elena Paterno ; illustrated by Albert Gamos. aManila : bTahanan Books for Young Readers  c1997 a56 pages :  billustrations ;  c26 cm. aA treasury of Philippine folk tales. aChildren's literature, Philippines. aChildren's stories, Philippine (English) aTales -- Philippines.